Democracia na escola pública e participação de professores / (Record no. 1185)

MARC details
000 -LÍDER
Campo Fixo de Controle 00797nam a2200241 a 4500
001 - NÚMERO DE CONTROLE
Campo de Controle 1185
003 - IDENTIFICAÇÃO DO NÚMERO DE CONTROLE
Campo de Controle BR-CuiBMT
005 - DATA E HORA DA ÚLTIMA ATUALIZAÇÃO
Campo de Controle 20231130212901.0
008 - DADOS FIXOS
Dados Fixos 231130s2005 mtba 000 0 por d
020 ## - INTERNATIONAL STANDARD BOOK NUMBER
Nº do ISBN 8589898326
040 ## - AGÊNCIA CATALOGADORA
Código da Agência Catalogadora BR-CuiBMT
Agência que transcreveu o registro BR-CuiBMT
080 ## - Nº DA CLASSIFICAÇÃO DECIMAL UNIVERSAL
Nº edição CDU 2007
Nº Class. CDU 37.014
Subd. Auxiliar Comum (817.2)
090 ## - NÚMERO DE CHAMADA
Nº classificação 37.014(817.2)
Cutter M264d
100 1# - ENTRADA PRINCIPAL -- AUTOR PESSOAL
Nome pessoal Mamedes, Cleusa Bernadete Larranhagas,
Datas associadas ao nome 1958-
245 ## - TÍTULO PRINCIPAL
Título principal Democracia na escola pública e participação de professores /
Indicação de responsabilidade Cleusa Bernadete Larraganhas Mamedes.
260 ## - PUBLICAÇÃO, DISTRIBUIÇÃO, ETC.
Local de publicação Cáceres,MT :
Editora Edunemat,
Data 2005.
300 ## - DESCRIÇÃO FÍSICA
N. páginas ou volumes 176 p.:
Ilustrações il.
Dimensões 20 cm
504 ## - NOTA DE BIBLIOGRAFIA, ETC.
Nota de bibliografia Inclui bibliografia.
650 ## - ASSUNTO TÓPICO
Cabeçalho tópico ou nome geográfico Política educacional
Subdivisão geográfica Mato Grosso
650 ## - ASSUNTO TÓPICO
Cabeçalho tópico ou nome geográfico Gestão democrática
Subdivisão geral Educação
Subdivisão geográfica Mato Grosso
650 ## - ASSUNTO TÓPICO
Cabeçalho tópico ou nome geográfico Educação
Subdivisão geográfica Mato Grosso
942 ## - ELEMENTOS DE ENTRADA ADICIONAIS (KOHA)
Fonte de classificação ou esquema de arquivamento Classificação Decimal Universal
Tipo de item do Koha Livros
Holdings
Estado: removido Estado: perdido Fonte de classificação ou esquema de arquivamento Estado: danificado Indisponível para empréstimo Localização permanente Localização atual Data de aquisição Total Checkouts Número de Chamada completo Código de barras Date last seen Número do exemplar Preço efetivo a partir de Tipo de item (Koha)
    Classificação Decimal Universal     Biblioteca da Escola Superior de Contas do TCE/MT Biblioteca da Escola Superior de Contas do TCE/MT 30/11/2023   37.014(817.2) M264d BIBTCEMT23111408 30/11/2023 Ex. 1 30/11/2023 Livros

Powered by Koha